000 01067nam a22002297a 4500
999 _c5782
_d5782
003 AR-CdUCM
008 190313b ||||| |||| 00| 0 spa d
040 _aMUNICIPALIDAD PROVINCIAL DEL CUSCO
_cBIBLIOTECA MUNICIPAL DEL CUSCO
082 _a117 /
_bA72
100 _aArjiptsev , F.T.
_917172
245 _aLa ateria como categoria filosofica /
260 _aMéxico :
_bGrijalbo, S.A. ,
_c1962.
300 _a293 páginas ;
_c21.5 cm.
505 _aContenido : La Categoria de Materia en la ciencia indivisa del mundo antiguo -- Las Ideas sobre la Materia en la Filosofía medieval y moderna -- La Categoria de materia y el problema fundamental de la filosofia -- Materialidad y unidad del mundo -- La Materia como categoria del conocimiento -- La Categoria de Materia y las Ciencias Sociales...
650 _aDescripcion de la Materia
_917173
650 _aCiencias Naturales
_910176
650 _aProblema de la Materia
_917174
650 _aConocimiento de la Materia
_917175
650 _aLa Materia Filosófica
_917176
942 _2ddc
_cLIBROS
945 _artm